|
|
|
|
| LEADER |
00918cam a2200265 7i4500 |
| 001 |
0000079379 |
| 005 |
20230824090000.0 |
| 020 |
|
|
|a 0030319366
|
| 090 |
0 |
0 |
|a HB615
|b .K87 2001
|
| 100 |
1 |
|
|a Kuratko, Donald F
|
| 245 |
1 |
0 |
|a Strategic entrepreneurial growth
|c Donald F. Kuratko, Harold P. Welsch.
|
| 264 |
|
|
|a Fort Worth:
|b Harcourt College Publishers,
|c 2001.
|
| 300 |
|
|
|a x, 486 pages:
|b illustrations;
|c 26 cm.
|
| 336 |
|
|
|a text
|2 rdacontent
|
| 337 |
|
|
|a unmediated
|2 rdamedia
|
| 338 |
|
|
|a volume
|2 rdacarrier
|
| 490 |
1 |
|
|a Harcourt College Publishers entrepreneurship series
|
| 500 |
|
|
|a Gift: Dr. Habrizah Hussin
|
| 504 |
|
|
|a Includes bibliographical references and index
|
| 650 |
0 |
0 |
|a Enterpreneurship
|
| 650 |
0 |
0 |
|a Strategic planning
|
| 650 |
0 |
0 |
|a Economic development
|
| 700 |
1 |
|
|a Welsch, Harold
|
| 997 |
|
|
|a Business & Accountancy, Faculty
|
| 999 |
|
|
|a 0000070193
|b BOK
|c OPEN SHELF
|e 1st Floor, Shah Alam
|